000 00319nam a22001337a 4500
008 210302b ||||| |||| 00| 0 eng d
020 _a9780393968330
041 _aeng
080 _22nd
_a82
100 _a21
101 _aGJL
245 _aThe Norton Anthology of Contemporary Fiction
_cCassill,V.R
942 _2udc
_cBK
999 _c55519
_d55519